000 01202cam a22003497a 4500
003 CHAP
005 20220329141533.0
008 971013s r 00010 d
010 _a69810
011 _a70782
035 _a80335
040 _cCHAP
090 _aR-2492
100 0 0 _aKnight, P. J.
_963525
245 0 _aLongevity of response in Pinus radiata foliar concentrations to nitrogen, phosphorus, and boron fertilizers
500 _aSobretiro de: New Zealand Journal of Forestry Science. 13 (3): 305-24. 1983
590 _aBATCH-UPD
_b10
_c20130110
_lUCH01
_h0115
590 _aBATCH-UPD
_b10
_c20130110
_lUCH01
_h0621
590 _aBATCH-UPD
_b10
_c20130409
_lUCH01
_h2107
590 _aBATCH-UPD
_b10
_c20130410
_lUCH01
_h0432
590 _aBATCH-UPD
_b10
_c20130914
_lUCH01
_h1415
590 _aCONVERSION
_b10
_c20130109
_lUCH01
_h1338
650 1 4 _aBoro
_xEfecto en pináceas.
_913922
650 1 4 _aFósforo
_xEfecto en pináceas.
_942249
650 1 4 _aNitrógeno
_xEfecto en pináceas.
_981456
650 1 4 _aPinus radiata.
_988362
700 0 _aFitzgerald, R. E.
_941194
700 0 _aJacks, H.
_960795
901 _aBK
942 _cREIMP
949 _aR-2492
_bBC
_cR
_d-33237
_eTS1
_i80335
_si
999 _c69810
_d69810